000 00250nam a2200097Ia 4500
001 1194821
005 20250827021736.0
008 250824s9999 xx 000 0 und d
245 0 _aKÖSEM SULTAN
_cAHMET HALDUN TERZİOĞLU
260 _bPANAMA YAYINLARI
999 _c1194821
_d1194821